| 000 | 01435cad a2200277 4500 | ||
|---|---|---|---|
| 001 | L158617 | ||
| 008 | 110215n2013 000 0 eng u | ||
| 020 | _a9781783210305 | ||
| 035 | _a(Sirsi) u158617 | ||
| 041 | _aeng | ||
| 100 | 1 | _aJavangwe, W | |
| 111 | 2 |
_aConstruction and Building Research Conference _cIIT Delhi, New Delhi _d10-12 September 2013 |
|
| 245 | 0 | 2 |
_aA systems framework for sustainable supermarket facilities _h[electronic resource] |
| 260 |
_aLondon _bRICS _c2013 |
||
| 490 | 0 |
_aCOBRA _v2013 |
|
| 520 | _aA paper presented at the COBRA Conference in New Delhi on 10-12 September 2013. Looks at the idea of an integrated life cycle model for sustainable supermarket facilities. Food retailers are required to continuously improve the efficiency and cost-effectiveness of their supply chains as well as their retail service delivery process in order to maintain long-term profitability, while simultaneously under increasing pressure to exhibit explicit concern for green practices. An integrated life cycle model is proposed for the sustainable design, construction, operation and eventual decommissioning of a supermarket. | ||
| 650 | 2 | 4 | _aLIFE CYCLE |
| 650 | 2 | 4 | _aPROCUREMENT STRATEGY |
| 650 | 2 | 4 | _aRETAIL |
| 650 | 2 | 4 | _aSUPERMARKETS |
| 650 | 2 | 4 | _aCONSTRUCTION AND BUILDING RESEARCH CONFERENCE (COBRA) |
| 651 | 4 | _aAfrica | |
| 690 |
_aSustainability _96271 |
||
| 700 | 1 | _aCloete, C. E. | |
| 942 | _n0 | ||
| 999 |
_c115418 _d115418 |
||